The Oxford dictionary of musical works (Record no. 62500)

MARC details
000 -LEADER
fixed length control field 00575nam a2200205Ia 4500
008 - FIXED-LENGTH DATA ELEMENTS--GENERAL INFORMATION
fixed length control field 191130s2004##################000#0#eng##
020 ## - INTERNATIONAL STANDARD BOOK NUMBER
ISBN 9780198610205
082 ## - DEWEY DECIMAL CLASSIFICATION NUMBER
Classification number 780.3 LAT
245 ## - TITLE STATEMENT
Title The Oxford dictionary of musical works
Statement of responsibility, etc edited by Alison Latham
260 ## - PUBLICATION, DISTRIBUTION, ETC. (IMPRINT)
Place of publication Oxford
Name of publisher Oxford University Press
Year of publication 2004
300 ## - PHYSICAL DESCRIPTION
Number of Pages 213 p. ; 20 cm
500 ## - GENERAL NOTE
General note Includes index
650 ## - SUBJECT ADDED ENTRY--TOPICAL TERM
Topical Term Music - Dictionaries
700 ## - ADDED ENTRY--PERSONAL NAME
Personal name Latham, Alison
991 ## -
-- 343473
Holdings
Withdrawn status Lost status Damaged status Not for loan Home library Current library Shelving location Date acquired Full call number Accession Number Price effective from Koha item type
        Anna Centenary Library Anna Centenary Library 6TH FLOOR, B WING 09.10.2020 780.3 LAT 112339 09.10.2020 English Books

Find us on the map